000 00348nam a2200097Ia 4500
082 _a307.336096|HUCH
245 0 _aCities with 'slums' : from informal settlement eradication to a right to the city in Africa
100 _a Huchzermeyer, Marie Claremont, South Africa, 2011
_936412
942 _cBK
008 210817s9999 xx 000 0 und d
999 _c166155
_d166154